| 000 | 005700000a22001930004500 | ||
|---|---|---|---|
| 041 | 0 | _aENG | |
| 082 | 0 | 4 | _aG 234.8 M6471b |
| 100 | 1 | _aMiller, Samuel (1890-) | |
| 245 | 1 | 0 | _aA better life: how to live it according to the epistle to the Hebrews / Samuel Miller |
| 250 | _a22 | ||
| 260 | _aRock Island, ILL., USA : Augustana | ||
| 300 | _a139 Pag | ||
| 650 | 1 | 4 | _aBIBLIA N.T. - HEBREOS - COMENTARIOS \ VIDA CRISTIANA |
| 001 | 4323 | ||
| 942 | _cBK | ||
| 999 |
_c34932 _d34932 |
||
| 336 |
_atexto _btxt _2rdacontent |
||
| 337 |
_2rdamedia _asin mediación _bn |
||
| 338 |
_2rdacarrier _avolumen _bnc |
||